| 000 | 00862cam a2200253 u 4500 | ||
|---|---|---|---|
| 003 | UPN | ||
| 005 | 20230510063508.0 | ||
| 008 | 190328s2012 mx ao br 000 0 spa d | ||
| 020 | _a9786074699371 | ||
| 035 | _aUPN01000229843 | ||
| 040 |
_aMX-MxUPN _bspa |
||
| 050 | 4 |
_aLB1582 M63 _bC3 2012 |
|
| 100 | 1 |
_aPatiño Garduño, Héctor _948819 |
|
| 245 | 1 | 0 |
_aCoahuila : _bla entidad donde vivo : 3 grado |
| 250 | _aSegunda edición | ||
| 260 |
_aMéxico. D.F. : _bSecretaría de Educación Pública, Dirección General de Materiales Educativos, _c2012 |
||
| 300 |
_a158 páginas : _bilustraciones, fotografías |
||
| 650 | 7 |
_914611 _aEducación primaria _vLibros de texto |
|
| 651 | 7 |
_aCoahuila _xHistoria _2 _98943 |
|
| 651 | 7 |
_aCoahuila _xDescripción y viajes _2 _98813 |
|
| 902 | _bVíctorGodínez/080523 | ||
| 942 |
_2lcc _cLIBRO |
||
| 999 |
_c201938 _d201938 |
||